| 000 | 004880000a22001570004500 | ||
|---|---|---|---|
| 003 | MACL | ||
| 005 | 20180119161942.0 | ||
| 008 | 180119b xxu||||| |||| 00| 0 eng d | ||
| 040 | _cmacl | ||
| 100 |
_aमजुूदार , समरेस _970118 |
||
| 245 | _aशरणागत | ||
| 260 |
_aगाजियाबाद _bभ्ाारतीय ज्ञानपीठ _c2010 |
||
| 350 | _a200 | ||
| 650 |
_aउपन्यास _970119 |
||
| 942 |
_cHIN _k891.433/MAJ/N _2ddc |
||
| 999 |
_c47665 _d47665 |
||